[Event "Aragon-chT Honor Gr I"]
[Site "Aragon"]
[Date "2021.05.08"]
[Round "7.23"]
[White "Lanau Broto, Jose Javier"]
[Black "Baquedano Coarasa, Pablo"]
[Result "0-1"]
[WhiteElo "1588"]
[BlackElo "2165"]
[PlyCount "68"]
[EventDate "2021.03.13"]
[EventType "team-tourn"]
[EventRounds "7"]
[EventCountry "ESP"]
[SourceTitle "EXT 2024"]
[Source "ChessBase"]
[SourceDate "2023.10.10"]
[SourceVersion "1"]
[SourceVersionDate "2023.10.10"]
[SourceQuality "1"]
[WhiteTeam "Huesca Club Atletismo"]
[BlackTeam "Palacio de Pioneros"]
[WhiteTeamCountry "ESP"]
[BlackTeamCountry "ESP"]

1. e4 c5 2. Nf3 d6 3. d4 cxd4 4. c3 d3 5. Bxd3 Nc6 6. 0-0 g6 7. h3 Bg7 8. Be3 Nf6 9. Qd2 0-0 10. Bh6 a6 11. Kh1 Qc7 12. Nh2 b6 13. Qg5 Ne5 14. Be2 Nxe4 15. Qh4 d5 16. Nd2 Nxd2 17. Bxd2 Bb7 18. Rae1 Qd7 19. f4 Nc6 20. Bg4 e6 21. Bd1 Qd8 22. Qf2 Ne7 23. Nf3 Nf5 24. g4 Nd6 25. Be3 Ne4 26. Qg1 b5 27. f5 exf5 28. gxf5 Qd6 29. fxg6 fxg6 30. Bf2 d4 31. Bb3+ Kh8 32. Qg4 Rxf3 33. Rxe4 Bxe4 34. Qxe4 Rxh3+ 0-1